000
00293nam a22001337a 4500
020
_a
978-81-7409-122-X
041
_a
ENG
100
_a
Ballaney.B.L
245
_a
Theory Machines and Mechanisms
260
_a
New Delhi
_b
Khanna Publishers
_c
2018
300
_a
1348
650
_a
FMP
856
_u
FMP
999
_c
54
_d
54